The book of Geoffrey Chaucer : an account of the publication of Geoffrey Chaucer's works from the fifteenth century to modern times /

Bibliographic Details
Main Author: Muscatine, Charles
Corporate Author: Book Club of California
Other Authors: Kennedy, Lawton, 1900-1980
Format: Book
Language:English
Published: [San Francisco] : Book Club of California, 1963
Subjects:

MARC

Tag First Indicator Second Indicator Subfields
LEADER 00000cam a2200000Ia 4500
001 in00003498705
005 20151106040722.0
008 840214s1963 cauh b 000 0 eng
010 |a  63025149  
019 |a 1276299 
035 |a (OCoLC)ocm10645329 
035 |a (OCoLC)10645329  |z (OCoLC)1276299 
040 |a DLC  |b eng  |e dcrmb  |c RBN  |d OCL  |d OCLCQ  |d OCLCG  |d AU@  |d BUF  |d UIU  |d UMS  |d OCLCA  |d OCLCF  |d OCLCQ  |d TXA  |d UtOrBLW 
049 |a TXAM 
050 0 0 |a Z8164  |b .M8 
050 0 4 |a PR1874  |b .M8 1963 
100 1 |a Muscatine, Charles. 
245 1 4 |a The book of Geoffrey Chaucer :  |b an account of the publication of Geoffrey Chaucer's works from the fifteenth century to modern times /  |c by Charles Muscatine. 
264 1 |a [San Francisco] :  |b Book Club of California,  |c 1963 
264 3 |b Lawton Kennedy 
300 |a 12 unnumbered pages, 64 pages, 4 unnumbered pages :  |b facsimiles (some color) ;  |c 36 cm. 
336 |a text  |b txt  |2 rdacontent 
337 |a unmediated  |b n  |2 rdamedia 
338 |a volume  |b nc  |2 rdacarrier 
500 |a Colophon :"450 copies designed and printed by Lawton Kennedy." 
500 |a "A chronological check-list of the printed editions of Chaucer to 1778": pages 61-62. 
504 |a Includes bibliographical references (pages 63-64). 
580 |a The Cushing Library/Lowman/Book Design copy forms part of the Book Design Section of the Al Lowman Printing Arts Collection and Research Archive. 
600 1 0 |a Chaucer, Geoffrey,  |d -1400  |v Bibliography. 
600 1 0 |a Chaucer, Geoffrey,  |d -1400  |x Criticism, Textual. 
650 0 |a Printing  |v Specimens. 
600 1 7 |a Chaucer, Geoffrey,  |d -1400.  |2 fast  |0 (OCoLC)fst01812213 
650 7 |a Printing.  |2 fast  |0 (OCoLC)fst01076612 
655 7 |a Bibliography.  |2 fast  |0 (OCoLC)fst01423717 
655 7 |a Criticism, interpretation, etc.  |2 fast  |0 (OCoLC)fst01411635 
655 7 |a Specimens.  |2 fast  |0 (OCoLC)fst01423861 
700 1 |a Kennedy, Lawton,  |d 1900-1980. 
710 2 |a Book Club of California. 
773 0 |t Al Lowman Printing Arts Collection and Research Archive. 
948 |a cataloged  |b h  |c 2015/3/10  |d c  |e mjackson  |f 1:12:09 pm 
994 |a C0  |b TXA 
999 |a MARS 
999 f f |s 685b5977-4763-3dd9-858d-13d93d706c90  |i eb0e23df-6e1c-3d3b-a299-f5e3d8c52811  |t 0 
952 f f |p noncirc  |a Texas A&M University  |b College Station  |c Cushing Memorial Library & Archives  |d Cushing: Lowman (Does not check out)  |t 0  |e PR1874 .M8 1963  |h Library of Congress classification  |i unmediated -- volume 
998 f f |a PR1874 .M8 1963  |t 0  |l Cushing: Lowman (Does not check out)